ARRUPE JESUIT UNIVERSITY

CORONAVIRUS -STOP THE SPREAD - CLEAN,DISINFECT,COVER

Learning to lead for transformation (Record no. 131963)

MARC details
000 -LEADER
fixed length control field 01287pam a2200325 a 4500
001 - CONTROL NUMBER
control field 1559633
003 - CONTROL NUMBER IDENTIFIER
control field ARRUPE
005 - DATE AND TIME OF LATEST TRANSACTION
control field 20251022072922.0
008 - FIXED-LENGTH DATA ELEMENTS--GENERAL INFORMATION
fixed length control field 920429s1992 cau b 001 0 eng
010 ## - LIBRARY OF CONGRESS CONTROL NUMBER
LC control number 92016934
020 ## - INTERNATIONAL STANDARD BOOK NUMBER
International Standard Book Number 1555424740
Qualifying information recycled, acid-free paper
020 ## - INTERNATIONAL STANDARD BOOK NUMBER
International Standard Book Number 9781555424749
Qualifying information (recycled, acid-free paper)
035 ## - SYSTEM CONTROL NUMBER
System control number 1559633
040 ## - CATALOGING SOURCE
Original cataloging agency DLC
Transcribing agency DLC
Modifying agency DLC
050 00 - LIBRARY OF CONGRESS CALL NUMBER
Classification number HD57.7
Item number .C665 1992
082 00 - DEWEY DECIMAL CLASSIFICATION NUMBER
Classification number 658.4/09
Edition number 20
300 ## - PHYSICAL DESCRIPTION
Dimensions 24 cm.
100 1# - MAIN ENTRY--PERSONAL NAME
Personal name Ngara, Emmanuel
9 (RLIN) 3830
245 10 - TITLE STATEMENT
Title Learning to lead for transformation
Remainder of title an African persective on educational leadership
Statement of responsibility, etc Emmanuel Ngara
260 ## - PUBLICATION, DISTRIBUTION, ETC. (IMPRINT)
Place of publication, distribution, etc London :
Name of publisher, distributor, etc Bloomsbury academy,
Date of publication, distribution, etc 2022.
300 ## - PHYSICAL DESCRIPTION
Extent xiii, 235 pages ;
Size of unit 24cm.
650 #0 - SUBJECT ADDED ENTRY--TOPICAL TERM
Topical term or geographic name as entry element Leadership.
9 (RLIN) 6573
650 #0 - SUBJECT ADDED ENTRY--TOPICAL TERM
Topical term or geographic name as entry element Transformational leadership
9 (RLIN) 51050
856 42 - ELECTRONIC LOCATION AND ACCESS
Materials specified Contributor biographical information
Uniform Resource Identifier <a href="http://www.loc.gov/catdir/enhancements/fy0706/92016934-b.html">http://www.loc.gov/catdir/enhancements/fy0706/92016934-b.html</a>
856 42 - ELECTRONIC LOCATION AND ACCESS
Materials specified Publisher description
Uniform Resource Identifier <a href="http://www.loc.gov/catdir/enhancements/fy0706/92016934-d.html">http://www.loc.gov/catdir/enhancements/fy0706/92016934-d.html</a>
906 ## - LOCAL DATA ELEMENT F, LDF (RLIN)
a 7
b cbc
c orignew
d 1
e ocip
f 19
g y-gencatlg
942 ## - ADDED ENTRY ELEMENTS (KOHA)
Source of classification or shelving scheme Library of Congress Classification
Koha item type Monograph ( Printed materials)
Holdings
Withdrawn status Lost status Source of classification or shelving scheme Damaged status Not for loan Collection code Home library Current library Shelving location Date acquired Total Checkouts Full call number Barcode Date last seen Price effective from Koha item type
    Library of Congress Classification     Main Collection ARRUPE LIBRARY ARRUPE LIBRARY Main Collection 22/10/2025   HD57.7 .C665 1992 46700000453 22/10/2025 22/10/2025 Monograph ( Printed materials)
    Library of Congress Classification     Main Collection ARRUPE LIBRARY ARRUPE LIBRARY Main Collection 22/10/2025   HD57.7 .C665 1992 46700000454 22/10/2025 22/10/2025 Monograph ( Printed materials)

 

Arrupe Library. PO Box MP320 Mt Pleasant, Harare, Zimbabwe
263 242 745411|librarian@aju.ac.zw